000 00487nam a2200229Ia 4500
001 067825
003 YMCAF
005 20230512160454.0
008 100717s1979 ||||||||||||||||| ||und|d
020 _a-
024 _a67825
035 _a7288
040 _aYMCAF
_beng
_cIN-KoLT
041 _aeng
100 _aTTP, LAHORE
245 0 _aMASTER PLAN CURRICULN FOR APPREUTICS & TRAINESS WLEDER
250 _a-
260 _c1979
653 _a-
653 _a-
942 _2ddc
_cBK
999 _c4734
_d4734